000 00321cam a22001217a 4500
008 180718b1987 xxu||||| |||| 00| 0 eng d
082 _aN2x54 Sa29
100 _aSaksena, N.S.
245 _aLaw and order in India
_cby N.S. Saksena
260 _aDelhi
_bAbhinav
_c1987
300 _a345p.
650 _aLaw enforcement - India
999 _c353148
_d353148